LEADER 01032nam a2200229 i 4500 001 000000078933 003 CaOOAMICUS 005 20170310000000.0 008 170310s1892 xx u000 u fre u 013 $a51170 040 $aSeMil$bita 100 1 $aAulard, Francois Alphonse <1849-1928>.$0(OLS)http://semarc/name/67256 245 13$aLe culte de la raison et le culte de l'Être suprême :$b1793-1794 : essai historique /$cpar F.-A. Aulard. 260 $aParis :$bFélix Alcan,$c1892. 300 $aVIII, 371 p. ;$c18 cm. 490 0 $aBibliothèque d'histoire contemporaine 830 0$aBibliothèque d'histoire contemporaine.$0(OLS)http://semarc/title/28768 850 $aSeMil 852 $aSeMil$W1$xVenegono$y1$m3S II 17 FA$j44725$B44725$CSeMilBibl$Z2$F46529 $8I 961 $aLascito: Giobbi Adolfo, prof. 996 $6245$aLe culte de la raison et le culte de l'Être suprême :$b1793-1794 : essai historique$9(OLS)http://semarc/title/403040 996 $6260$aParis :$bFélix Alcan$9(OLS)http://semarc/publisher/31890 LEADER 01290nam a2200277 i 4500 001 000000123053 003 CaOOAMICUS 005 20040216000000.0 008 040216s1966 it u000 u ita u 013 $a95748 040 $aSeMil$bita 245 13$aLa pittura tardogotica veneta /$c[Franca Zava Boccazzi]. 260 $aMilano :$bFabbri,$ccopyr. 1966. 300 $a[8] p., 16. p. di tav. :$briccamente ill. ;$c36 cm. 490 0 $aI maestri del colore : la più grande collana d'arte del mondo ;$v232 500 $aFormulazione di responsabilità ricavata dal testo. - Fondo Card. C.M. Martini. 650 4$aPittura gotica - Veneto - Sec. 14.-15.$0(OLS)http://semarc/subject/23412 650 4$aPittura veneta - Storia - Sec. 14.-15.$0(OLS)http://semarc/subject/23413 700 1 $aZava Boccazzi, Franca.$0(OLS)http://semarc/name/49747 830 2$aI maestri del colore : la più grande collana d'arte del mondo ;$v232.$0(OLS)http://semarc/title/2091 850 $aSeMil 852 $aSeMil$W1$xVenegono$y1$m5H XII 8/232$j77853$B77853$CSeMilBibl$Z2$F80029 $81 941 1 $a4 961 $aOmaggio: Martini Card. Carlo Maria 996 $6245$aLa pittura tardogotica veneta$9(OLS)http://semarc/title/181056 996 $6260$aMilano :$bFabbri$9(OLS)http://semarc/publisher/30054